000 00461nam a2200169Ia 4500
003 GCL
008 140319s9999 xx 000 0 ara d
040 _aGCL /
_cGCL
082 0 4 _a13.01
_bع ح
100 1 _aعالية ممدوح
245 1 0 _aحبات النفثالين /
_cعالية ممدوح
300 _a197 ص
490 _aمختارات فصول
_v0
650 0 4 _aالادب العربى
650 0 4 _aالقصة العربية
942 _2ddc
_cBK
999 _c40342
_d40342